| 000 | 02238nam0a2200433 4500 | ||
|---|---|---|---|
| 001 | RU\NLR\BIBL_A\011937020 | ||
| 005 | 20221122173716.0 | ||
| 010 |
_a978-5-8397-1156-3 _987 |
||
| 021 |
_aRU _bКН-П-18-7546 _9КН-П-18-104127 |
||
| 035 | _a(NLR Aleph) 011937020 | ||
| 035 | _a(RuMoRGB)009860233 | ||
| 090 |
_a11070706 _c11070706 |
||
| 100 | _a20190214d2018 k y0rusy50 ca | ||
| 101 | 0 |
_aeng _arus |
|
| 102 | _aRU | ||
| 105 | _aa z 100z0 | ||
| 200 | 1 |
_aIntegrable systems and nonlinear dynamics _dИнтегрируемые системы и нелинейная динамика _eInternational scientific conference, Yaroslavl, October 1-5, 2018 _eabstracts _fP.G. Demidov Yaroslavl state university [etc.] _zrus |
|
| 210 |
_aЯрославль _cЯрославский государственный университет _d2018 |
||
| 215 |
_a117 с. _cил. _d20 |
||
| 300 | _aТекст на англ. и рус. яз. | ||
| 320 | _aБиблиогр. в конце ст. | ||
| 510 | 1 |
_aИнтегрируемые системы и нелинейная динамика _zrus |
|
| 606 | 1 |
_aНелинейная динамика _jТезисы докладов _2nlr_sh2 _3RU\NLR\AUTH\661271514 |
|
| 606 | 1 |
_aДифференциальные уравнения _xСистемы интегрируемые _jТезисы докладов _2nlr_sh1 _2nlr_sh2 _3RU\NLR\AUTH\66398235 |
|
| 606 | 1 |
_aЭлектросвязь _xИнтегральные системы _jТезисы докладов _2nlr_sh2 _3RU\NLR\AUTH\661356303 |
|
| 610 | 0 | _aинтегрируемые системы | |
| 610 | 0 | _aдинамические системы | |
| 686 | 1 | _aВ236.352я431(0) | |
| 686 | 1 | _aВ161.618я431(0) | |
| 686 | 1 | _aЗ88я431(0) | |
| 711 | 0 | 2 | _aЯрославский государственный университет им. П. Г. Демидова |
| 711 | 1 | 2 |
_a"Integrable systems and nonlinear dynamics", international scientific conference _f2018 _eYaroslavl _3RU\NLR\AUTH\880496396 |
| 712 | 0 | 2 |
_aDemidov Yaroslavl state university _3RU\NLR\AUTH\8810157506 _4475 |
| 942 | _cBOOK | ||
| 980 | _aNBR | ||
| 980 | _aNB | ||